Transformaciones territoriales en Bello (Antioquia) : estudio sobre sus dinámicas metropolitanas, financiarización e imaginarios urbanos /

Detalles Bibliográficos
Autores principales: Muñoz, Elkin Argiro (Autor), Balcázar-Camacho, Delio Alexander (Autor), López Martínez, Alexandra (Autor)
Formato: Electrónico eBook
Lenguaje:español
Publicado: Medellín, Colombia : Sello Editorial Tecnológico de Antioquia, [2024]
Edición:Primera edición.
Materias:
Acceso en línea:Digitalia Hispánica

MARC

LEADER 00000nam a2200000 i 4500
001 DIGTECANT0037
003 NyNyDIG
007 cr |||||||||||
008 250508s2024 ck a ob 000 0 spa d
006 m o d
035 |a (OCoLC)1519505120 
040 |a DGITA  |b eng  |e rda  |e pn  |c DGITA 
020 |a 9789588628967  |q digital 
020 |z 9789588628974  |q impreso 
043 |a s-ck--- 
050 1 4 |a HT169.C72 ebook 
100 1 |a Muñoz, Elkin Argiro,  |e author. 
245 1 0 |a Transformaciones territoriales en Bello (Antioquia) :  |b estudio sobre sus dinámicas metropolitanas, financiarización e imaginarios urbanos /  |c autores, Elkin Argiro Muñoz Arroyave, Delio Alexander Balcázar-Camacho, Alexandra López Martínez. 
250 |a Primera edición. 
264 1 |a Medellín, Colombia :  |b Sello Editorial Tecnológico de Antioquia,  |c [2024] 
300 |a 1 online resource :  |b illustrations. 
336 |a text  |b txt  |2 rdacontent 
337 |a computer  |b c  |2 rdamedia 
338 |a online resource  |b cr  |2 rdacarrier 
347 |a text file  |2 rdaft 
347 |b PDF 
504 |a Includes bibliographical references. 
588 0 |a Online resource; title from PDF title page (Digitalia, viewed May 8, 2025) 
650 0 |a Sociology, Urban  |z Colombia  |z Bello (Municipio) 
650 0 |a Community development, Urban  |z Colombia  |z Bello (Municipio) 
650 0 |a City planning  |z Colombia  |z Bello (Municipio) 
700 1 |a Balcázar-Camacho, Delio Alexander,  |e author. 
700 1 |a López Martínez, Alexandra,  |e author. 
791 2 |a Digitalia (Firm),  |e distributor. 
793 0 |g Digitalia eBook Collection:  |a Tecnológico de Antioquia 
776 0 8 |i Print version:  |a Muñoz, Elkin Argiro.  |t Transformaciones territoriales en Bello (Antioquia).  |b Primera edición.  |d Medellín, Colombia : Sello Editorial Tecnológico de Antioquia, [2024]  |z 9789588628974 
856 4 0 |3 Digitalia Hispánica  |u https://www.digitaliapublishing.com/a/170583/ 
910 |a Premium collection: 2025